| 000 | 00704nam a2200241Ia 4500 | ||
|---|---|---|---|
| 003 | OSt | ||
| 005 | 20220925222310.0 | ||
| 006 | a|||||r|||| 00| 0 | ||
| 007 | ta | ||
| 008 | 220923b |||||||| |||| 00| 0 eng d | ||
| 020 | _a0333678265 | ||
| 037 | _cGeneral Book | ||
| 040 |
_aRTL _cRTL _beng |
||
| 041 |
_2eng _aeng |
||
| 082 | _aX: (B), P2 | ||
| 100 |
_aKoppl Roger _9287491 |
||
| 245 | 0 | _aBig players and theeconomic theory of expectatios | |
| 260 |
_aLondon _bPalgrave Macmillan _c2002 |
||
| 300 |
_axv, 248p. Bibliography P 223-36, Appendix P 204-17 _ccm. |
||
| 650 | _aMathematics Economics | ||
| 942 |
_hX: (B), P2 _cGB _2CC |
||
| 999 |
_c576619 _d576619 |
||